000 01123aam a2200289 i 4500
001 768714001
003 CO-MdFUSB
005 20240221122138.0
007 ta
008 240221t1980 ck |||| |||| 00| 0 spa d
040 _cCO-MdFUSB
041 0 _aspa
082 0 4 _a264.23
_223
_bM4788c
100 1 _aMcConnell, Cecilio
_eautor
245 1 0 _a¡Conozcamos nuestro himnario!
_c/ Cecilio McConnell M.
264 1 _bCasa Bautista de Publicaciones,
_aColombia :
_c[1980]
264 4 _c©1980
300 _a110 páginas
_c; 22 cm
336 _atexto
_btxt
_2rdacontent
337 _2rdamedia
_asin mediación
_bn
338 _2rdacarrier
_avolumen
_bnc
505 _a¿Por qué preocuparnos del himnario? -- ¿cómo se ha producido el himnario? -- ¿Cuáles son las fuentes de los himnos? -- ¿Quiénes escribieron nuestros himnos? -- ¿Quiénes compusieron la música de nuestros himnos? -- ¿Qué clase de himnos usamos? -- ¿Qué contienen los himnos? -- ¿Cómo cantar los himnos? -- ¿Cómo utilizar mejor el himnario?
563 _aPasta dura
653 _aHimnos religiosos
942 _cBK
945 _aJTF-925
999 _c35589
_d35589